| 000 | 004350000a22001810004500 | ||
|---|---|---|---|
| 003 | LK-CoMWRAF | ||
| 005 | 20240229131418.0 | ||
| 008 | 230817t1989 ||||| |||| 00| 0 eng d | ||
| 040 |
_aLK-CoMWRAF _dLK-CoMWRAF _eLK-CoMWRAF |
||
| 041 | _aeng | ||
| 082 |
_a154.2 _bGAF |
||
| 100 | _aGaffoor, M.S. | ||
| 245 | _aThe Power of Mind Power | ||
| 260 |
_aColombo: _bAuthor, _c1989 |
||
| 300 | _a104 p. | ||
| 650 | _aMIND POWER | ||
| 942 | _cBK | ||
| 999 |
_c1917 _d1917 |
||